Minecraft: Single Recipe Items - Statistics

General Stats
  • This quiz has been taken 20 times
  • The average score is 68 of 162
Answer Stats
Item Recipe % Correct
Apple Golden Apple
100%
Acacia Boat Acacia Boat with Chest
71%
Armadillo Scute Wolf Armor
71%
Bamboo Raft Bamboo Raft with Chest
64%
Birch Boat Birch Boat with Chest
64%
Black Stained Glass Black Stained Glass Pane
64%
Blue Stained Glass Blue Stained Glass Pane
64%
Bone Bone Meal
64%
Bone Block Bone Meal
64%
Brown Stained Glass Brown Stained Glass Pane
64%
Clay Ball Clay
64%
Block of Coal Coal
64%
Block of Diamond Diamond
64%
Bow Dispenser
64%
Block of Emerald Emerald
64%
Block of Gold Gold Ingot
64%
Block of Lapis Lazuli Lapis Lazuli
64%
Block of Netherite Netherite Ingot
64%
Block of Raw Copper Raw Copper
64%
Block of Raw Gold Raw Gold
64%
Block of Raw Iron Raw Iron
64%
Block of Redstone Redstone Dust
64%
Nether Star Beacon
57%
Emerald Block of Emerald
57%
Milk Bucket Cake
57%
Cherry Boat Cherry Boat with Chest
57%
Dirt Coarse Dirt
57%
Heart of the Sea Conduit
57%
Nautilus Shell Conduit
57%
Cyan Stained Glass Cyan Stained Glass Pane
57%
Dark Oak Boat Dark Oak Boat with Chest
57%
Dried Kelp Block Dried Kelp
57%
Dried Kelp Dried Kelp Block
57%
Gray Stained Glass Gray Stained Glass Pane
57%
Green Stained Glass Green Stained Glass Pane
57%
Carved Pumpkin Jack o'Lantern
57%
Light Blue Stained Glass Light Blue Stained Glass Pane
57%
Light Gray Stained Glass Light Gray Stained Glass Pane
57%
Lime Stained Glass Lime Stained Glass Pane
57%
Magenta Stained Glass Magenta Stained Glass Pane
57%
Disc Fragment Music Disc (Samuel Åberg - 5)
57%
Netherite Scrap Netherite Ingot
57%
Orange Stained Glass Orange Stained Glass Pane
57%
Peony Pink Dye
57%
Cooked Rabbit Rabbit Stew
57%
Block of Bamboo Bamboo Planks
50%
Raw Copper Block of Raw Copper
50%
Raw Gold Block of Raw Gold
50%
Raw Iron Block of Raw Iron
50%
Packed Ice Blue Ice
50%
Ender Pearl Eye of Ender
50%
Jungle Boat Jungle Boat with Chest
50%
Bookshelf Lectern
50%
Lilac Magenta Dye
50%
Mangrove Boat Mangrove Boat with Chest
50%
Hopper Minecart with Hopper
50%
Oak Boat Oak Boat with Chest
50%
Ice Packed Ice
50%
Pink Petals Pink Dye
50%
Pink Stained Glass Pink Stained Glass Pane
50%
Purple Stained Glass Purple Stained Glass Pane
50%
Baked Potato Rabbit Stew
50%
Rose Bush Red Dye
50%
Red Stained Glass Red Stained Glass Pane
50%
Crying Obsidian Respawn Anchor
50%
Shulker Shell Shulker Box
50%
Piston Sticky Piston
50%
Cut Sandstone Cut Sandstone Slab
43%
Danger Pottery Sherd Decorated Pot
43%
Ghast Tear End Crystal
43%
Spider Eye Fermented Spider Eye
43%
Honey Block Honey Bottle
43%
Rabbit Hide Leather
43%
Packed Mud Mud Bricks
43%
Basalt Polished Basalt
43%
Snow Block Snow
43%
Snowball Snow Block
43%
Sunflower Yellow Dye
43%
Lingering Potion of Fire Resistance Arrow of Fire Resistance
36%
Lingering Potion of Harming Arrow of Harming
36%
Lingering Potion of Healing Arrow of Healing
36%
Lingering Potion of Invisibility Arrow of Invisibility
36%
Lingering Potion of Leaping Arrow of Leaping
36%
Lingering Potion of Luck Arrow of Luck
36%
Lingering Potion of Night Vision Arrow of Night Vision
36%
Lingering Potion of Poison Arrow of Poison
36%
Lingering Potion of Regeneration Arrow of Regeneration
36%
Lingering Potion of Slow Falling Arrow of Slow Falling
36%
Lingering Potion of Slowness Arrow of Slowness
36%
Lingering Potion of Strength Arrow of Strength
36%
Lingering Potion of Swiftness Arrow of Swiftness
36%
Lingering Potion of the Turtle Master Arrow of the Turtle Master
36%
Lingering Potion of Water Breathing Arrow of Water Breathing
36%
Lingering Potion of Weakness Arrow of Weakness
36%
Enchanted Golden Apple Banner Pattern (Thing)
36%
Sculk Sensor Calibrated Sculk Sensor
36%
Cut Red Sandstone Cut Red Sandstone Slab
36%
Angler Pottery Sherd Decorated Pot
36%
Archer Pottery Sherd Decorated Pot
36%
Arms Up Pottery Sherd Decorated Pot
36%
Blade Pottery Sherd Decorated Pot
36%
Brewer Pottery Sherd Decorated Pot
36%
Burn Pottery Sherd Decorated Pot
36%
Explorer Pottery Sherd Decorated Pot
36%
Friend Pottery Sherd Decorated Pot
36%
Heart Pottery Sherd Decorated Pot
36%
Heartbreak Pottery Sherd Decorated Pot
36%
Howl Pottery Sherd Decorated Pot
36%
Miner Pottery Sherd Decorated Pot
36%
Mourner Pottery Sherd Decorated Pot
36%
Pointed Dripstone Dripstone Block
36%
Glow Ink Sac Glow Item Frame
36%
Item Frame Glow Item Frame
36%
Glass Bottle Honey Bottle
36%
Mangrove Roots Muddy Mangrove Roots
36%
Echo Shard Recovery Compass
36%
Spruce Boat Spruce Boat with Chest
36%
White Stained Glass White Stained Glass Pane
36%
Yellow Stained Glass Yellow Stained Glass Pane
36%
Nether Brick Slab Chiseled Nether Bricks
29%
Polished Blackstone Slab Chiseled Polished Blackstone
29%
Quartz Slab Chiseled Quartz Block
29%
Red Sandstone Slab Chiseled Red Sandstone
29%
Sandstone Slab Chiseled Sandstone
29%
Pitcher Plant Cyan Dye
29%
Plenty Pottery Sherd Decorated Pot
29%
Prize Pottery Sherd Decorated Pot
29%
Sheaf Pottery Sherd Decorated Pot
29%
Shelder Pottery Sherd Decorated Pot
29%
Skull Pottery Sherd Decorated Pot
29%
Fire Charge Firework Star
29%
Skeleton Skull Firework Star
29%
Stone Slab Grindstone
29%
Purpur Slab Purpur Pillar
29%
Prismarine Crystals Sea Lantern
29%
Awkward Lingering Potion Tipped Arrow
29%
Turtle Scute Turtle Shell
29%
Warped Fungus Warped Fungus on a Stick
29%
Cobbled Deepslate Slab Chiseled Deepslate
21%
Snort Pottery Sherd Decorated Pot
21%
Exposed Copper Exposed Cut Copper
21%
Dragon Head Firework Star
21%
Piglin Head Firework Star
21%
Zombie Head Firework Star
21%
Chiseled Stone Bricks Lodestone
21%
Magma Cream Magma Block
21%
TNT Minecart with TNT
21%
Oxidized Copper Oxidized Cut Copper
21%
Chiseled Red Sandstone Red Sandstone Slab
21%
Chiseled Sandstone Sandstone Slab
21%
Slime Block Slimeball
21%
Soul Torch Soul Lantern
21%
Lingering Water Battle Tipped Arrow
21%
Mundane Lingering Potion Tipped Arrow
21%
Smooth Stone Slab Armor Stand
14%
Stone Brick Slab Chiseled Stone Bricks
14%
Stone Pressure Plate Detector Rail
14%
Thick Lingering Potion Tipped Arrow
14%
Waxed Exposed Copper Waxed Exposed Cut Copper
14%
Waxed Oxidized Copper Waxed Oxidized Cut Copper
14%
Waxed Weathered Copper Waxed Weathered Cut Copper
14%
Weathered Copper Weathered Cut Copper
14%
No matching quizzes found
Score Distribution
Percent of People with Each Score
Percentile by Number Answered
Your Score History
You have not taken this quiz